Lesson[s] (Record no. 16590)

MARC details
000 -LEADER
fixed length control field 00640cam a22002291 4500
001 - CONTROL NUMBER
control field ca 30000173
003 - CONTROL NUMBER IDENTIFIER
control field DLC
005 - DATE AND TIME OF LATEST TRANSACTION
control field 20260227111122.0
008 - FIXED-LENGTH DATA ELEMENTS--GENERAL INFORMATION
fixed length control field 770913s1929 xx 000 0 eng
010 ## - LIBRARY OF CONGRESS CONTROL NUMBER
LC control number ca 30000173
035 ## - SYSTEM CONTROL NUMBER
System control number (OCoLC)3261493
040 ## - CATALOGING SOURCE
Original cataloging agency DLC
Transcribing agency OC
Modifying agency DLC
050 00 - LIBRARY OF CONGRESS CALL NUMBER
Classification number TL546
Item number .D3
110 2# - MAIN ENTRY--CORPORATE NAME
Corporate name or jurisdiction name as entry element Dayton school of aviation.
245 00 - TITLE STATEMENT
Title Lesson[s]
Statement of responsibility, etc. [by] Robert L. Rockwell.
260 ## - PUBLICATION, DISTRIBUTION, ETC.
Place of publication, distribution, etc. Dayton, O.,
Name of publisher, distributor, etc. The Dayton school of aviation
Date of publication, distribution, etc. [c1929]
300 ## - PHYSICAL DESCRIPTION
Extent 60 pt. in 1 v.
Other physical details illus.
Dimensions 22 cm.
500 ## - GENERAL NOTE
General note Each part paged separately.
650 #0 - SUBJECT ADDED ENTRY--TOPICAL TERM
Topical term or geographic name entry element Aeronautics.
650 #0 - SUBJECT ADDED ENTRY--TOPICAL TERM
Topical term or geographic name entry element Airplanes.
700 1# - ADDED ENTRY--PERSONAL NAME
Personal name Rockwell, Robert L.

No items available.

Powered by Koha